[Event "Deutsche Ländermeisterschaft 2014"]
[Site "Hannover GER"]
[Date "2014.10.06"]
[Round "6"]
[White "Reitz, Theresa"]
[Black "Khamenya, Vitalia"]
[Result "1-0"]
[Termination "normal"]
[Board "2.8"]
[WhiteElo "1477"]
[BlackElo "1272"]
[WhiteClock "00:02:30"]
[BlackClock "00:14:46"]
[WhiteTeam "Rheinland-Pfalz"]
[BlackTeam "Bayern"]
[PlyCount "89"]
[WhiteFideId "12971901"]
[BlackFideId "12959260"]
[EventCountry "GER"]
[EventRounds "7"]
[EventType "team-swiss"]
[EventDate "2014.10.02"]

1. e4 {[%clk 1:30:59]} b6 {[%clk 1:30:38]} 2. Bc4 {[%clk 1:26:07]} e6 {[%clk
1:30:22]} 3. Nf3 {[%clk 1:24:02]} Bb7 {[%clk 1:30:33]} 4. d3 {[%clk 1:22:53]}
h6 {[%clk 1:29:44]} 5. c3 {[%clk 1:17:02]} Ne7 {[%clk 1:29:45]} 6. Nbd2 {[%clk
1:16:13]} a6 {[%clk 1:27:25]} 7. d4 {[%clk 1:14:12]} d6 {[%clk 1:26:54]} 8. Bd3
{[%clk 1:07:35]} Nd7 {[%clk 1:26:35]} 9. Qe2 {[%clk 1:06:28]} g6 {[%clk
1:26:23]} 10. Nc4 {[%clk 1:00:00]} b5 {[%clk 1:25:44]} 11. Na5 {[%clk 0:58:23]}
Qc8 {[%clk 1:24:56]} 12. Nxb7 {[%clk 0:58:23]} Qxb7 {[%clk 1:25:12]} 13. O-O
{[%clk 0:51:35]} Bg7 {[%clk 1:23:05]} 14. Re1 {[%clk 0:49:16]} g5 {[%clk
1:21:45]} 15. h3 {[%clk 0:48:21]} Qc8 {[%clk 1:10:59]} 16. Nh2 {[%clk 0:46:55]}
Ng6 17. Qg4 {[%clk 0:42:41]} Nf6 {[%clk 1:05:59]} 18. Qf3 {[%clk 0:41:15]} Nh4
{[%clk 1:02:27]} 19. Qe2 {[%clk 0:40:45]} Qd7 {[%clk 1:00:09]} 20. Ng4 {[%clk
0:39:25]} h5 {[%clk 0:54:25]} 21. Nxf6+ {[%clk 0:38:03]} Bxf6 {[%clk 0:53:37]}
22. e5 {[%clk 0:37:30]} Be7 {[%clk 0:51:08]} 23. exd6 {[%clk 0:37:02]} Qxd6
{[%clk 0:49:35]} 24. Qe4 {[%clk 0:32:30]} Rb8 {[%clk 0:46:06]} 25. d5 {[%clk
0:29:32]} Rb6 {[%clk 0:36:28]} 26. Be3 {[%clk 0:27:30]} c5 {[%clk 0:32:37]} 27.
dxe6 {[%clk 0:23:32]} fxe6 {[%clk 0:31:39]} 28. b4 {[%clk 0:21:43]} Qc6 {[%clk
0:29:14]} 29. Qxc6+ {[%clk 0:16:18]} Rxc6 {[%clk 0:29:05]} 30. bxc5 {[%clk
0:15:55]} g4 {[%clk 0:26:52]} 31. Be4 {[%clk 0:14:58]} Rc8 {[%clk 0:25:22]} 32.
Bd4 {[%clk 0:13:28]} Rf8 {[%clk 0:22:50]} 33. Bb7 Rb8 {[%clk 0:20:19]} 34. Bc6+
{[%clk 0:12:31]} Kf7 {[%clk 0:19:48]} 35. hxg4 {[%clk 0:08:41]} hxg4 {[%clk
0:19:54]} 36. Re4 {[%clk 0:08:25]} Rg8 {[%clk 0:19:31]} 37. Rf4+ {[%clk
0:08:44]} Kg6 {[%clk 0:19:20]} 38. Rxg4+ {[%clk 0:09:02]} Kh5 {[%clk 0:19:25]}
39. Rxg8 Rxg8 {[%clk 0:19:44]} 40. Re1 {[%clk 0:07:43]} a5 {[%clk 0:18:18]} 41.
Rxe6 {[%clk 0:06:04]} Bd8 {[%clk 0:17:42]} 42. Re5+ {[%clk 0:05:24]} Bg5 {[%clk
0:16:54]} 43. f4 {[%clk 0:04:09]} Kh6 {[%clk 0:14:41]} 44. fxg5+ {[%clk
0:03:11]} Rxg5 {[%clk 0:14:46]} 45. Be3 {[%clk 0:02:30]} 1-0

[Event "Deutsche Ländermeisterschaft 2014"]
[Site "Hannover GER"]
[Date "2014.10.06"]
[Round "6"]
[White "Schröder, Jan-Christian"]
[Black "Koop, Thorben"]
[Result "1-0"]
[Termination "normal"]
[Board "3.1"]
[WhiteTitle "FM"]
[WhiteElo "2388"]
[BlackElo "2402"]
[WhiteClock "00:21:27"]
[BlackClock "00:02:02"]
[WhiteTeam "Hessen 1"]
[BlackTeam "Niedersachsen 1"]
[PlyCount "69"]
[WhiteFideId "24662259"]
[BlackFideId "24661619"]
[EventCountry "GER"]
[EventRounds "7"]
[EventType "team-swiss"]
[EventDate "2014.10.02"]

1. e4 {[%clk 1:30:49]} c5 {[%clk 1:30:53]} 2. Nf3 {[%clk 1:31:15]} Nf6 {[%clk
1:31:17]} 3. Nc3 d5 {[%clk 1:31:36]} 4. exd5 {[%clk 1:28:48]} Nxd5 {[%clk
1:32:01]} 5. Bc4 {[%clk 1:28:40]} Nxc3 {[%clk 1:30:26]} 6. bxc3 {[%clk
1:28:11]} e6 {[%clk 1:28:53]} 7. O-O Be7 {[%clk 1:25:56]} 8. d4 {[%clk
1:27:11]} O-O {[%clk 1:24:43]} 9. Qe2 {[%clk 1:25:18]} Nc6 {[%clk 1:16:21]} 10.
Rd1 {[%clk 1:21:09]} Qc7 {[%clk 1:03:56]} 11. Qe4 {[%clk 1:17:04]} cxd4 {[%clk
1:01:48]} 12. cxd4 {[%clk 1:16:50]} Nb4 {[%clk 1:01:16]} 13. Bb3 {[%clk
1:14:40]} Nd5 {[%clk 0:42:45]} 14. Bd2 {[%clk 1:13:46]} b5 {[%clk 0:33:15]} 15.
Bxd5 {[%clk 1:04:41]} exd5 {[%clk 0:33:39]} 16. Qxd5 {[%clk 1:04:56]} Bb7
{[%clk 0:31:02]} 17. Qxb5 {[%clk 0:59:41]} Bxf3 {[%clk 0:29:55]} 18. gxf3
{[%clk 0:59:47]} Qxc2 {[%clk 0:29:32]} 19. Bf4 {[%clk 0:58:14]} Qg6+ {[%clk
0:24:46]} 20. Kh1 {[%clk 0:56:28]} Rad8 {[%clk 0:19:44]} 21. Rac1 {[%clk
0:47:04]} a6 {[%clk 0:16:53]} 22. Qc6 {[%clk 0:40:57]} Qh5 {[%clk 0:14:06]} 23.
Be5 {[%clk 0:30:15]} f6 {[%clk 0:08:16]} 24. Bc7 {[%clk 0:29:48]} Rd5 {[%clk
0:07:00]} 25. Qe6+ {[%clk 0:29:14]} Qf7 {[%clk 0:07:07]} 26. Qxa6 {[%clk
0:22:44]} f5 {[%clk 0:05:39]} 27. Be5 {[%clk 0:22:27]} Rfd8 {[%clk 0:04:43]}
28. Rg1 {[%clk 0:21:46]} g6 {[%clk 0:02:25]} 29. Rc7 {[%clk 0:21:45]} R5d7
{[%clk 0:02:17]} 30. Rgc1 {[%clk 0:20:54]} Qd5 {[%clk 0:01:33]} 31. Kg2 {[%clk
0:20:22]} Rxc7 {[%clk 0:01:29]} 32. Rxc7 {[%clk 0:20:49]} Ra8 {[%clk 0:01:40]}
33. Rc8+ {[%clk 0:21:15]} Rxc8 {[%clk 0:01:56]} 34. Qxc8+ {[%clk 0:21:43]} Bf8
{[%clk 0:02:02]} 35. a4 {[%clk 0:21:27]} 1-0

[Event "Deutsche Ländermeisterschaft 2014"]
[Site "Hannover GER"]
[Date "2014.10.06"]
[Round "6"]
[White "Schreiner, Till"]
[Black "Hahn, Markus"]
[Result "1/2-1/2"]
[Termination "normal"]
[Board "3.2"]
[WhiteTitle "FM"]
[WhiteElo "2298"]
[BlackElo "2225"]
[WhiteClock "00:25:35"]
[BlackClock "00:30:04"]
[WhiteTeam "Niedersachsen 1"]
[BlackTeam "Hessen 1"]
[PlyCount "82"]
[WhiteFideId "24675555"]
[BlackFideId "24654647"]
[EventCountry "GER"]
[EventRounds "7"]
[EventType "team-swiss"]
[EventDate "2014.10.02"]

1. d4 {[%clk 1:30:58]} e6 {[%clk 1:30:53]} 2. c4 {[%clk 1:31:22]} f5 {[%clk
1:31:18]} 3. Nf3 {[%clk 1:31:34]} Nf6 {[%clk 1:31:41]} 4. Nc3 {[%clk 1:31:58]}
Bb4 {[%clk 1:31:28]} 5. Qb3 {[%clk 1:32:17]} c5 {[%clk 1:29:34]} 6. a3 {[%clk
1:29:47]} Bxc3+ {[%clk 1:27:31]} 7. Qxc3 {[%clk 1:30:01]} b6 {[%clk 1:14:11]}
8. g3 {[%clk 1:18:41]} Bb7 {[%clk 1:05:50]} 9. Bg2 {[%clk 1:18:57]} cxd4 {[%clk
1:05:43]} 10. Qxd4 {[%clk 1:19:17]} Nc6 {[%clk 1:05:59]} 11. Qc3 {[%clk
1:18:37]} O-O {[%clk 1:00:44]} 12. O-O {[%clk 1:18:58]} Rc8 {[%clk 0:44:30]}
13. b4 {[%clk 1:04:02]} d5 {[%clk 0:36:47]} 14. cxd5 {[%clk 0:52:33]} Qxd5
{[%clk 0:27:51]} 15. Qb2 {[%clk 0:38:24]} Rfd8 {[%clk 0:20:36]} 16. Bg5 {[%clk
0:33:45]} Nd4 {[%clk 0:17:53]} 17. Qxd4 {[%clk 0:17:46]} Qxd4 {[%clk 0:18:00]}
18. Nxd4 {[%clk 0:18:10]} Bxg2 {[%clk 0:18:17]} 19. Nxf5 {[%clk 0:13:28]} Bxf1
{[%clk 0:16:07]} 20. Ne7+ {[%clk 0:13:45]} Kf7 {[%clk 0:15:42]} 21. Nxc8 {[%clk
0:14:09]} Bxe2 {[%clk 0:15:01]} 22. Nxa7 {[%clk 0:14:22]} b5 {[%clk 0:09:15]}
23. Re1 {[%clk 0:12:50]} Bc4 {[%clk 0:08:30]} 24. Nc6 {[%clk 0:12:49]} Ra8
{[%clk 0:08:33]} 25. Ne5+ {[%clk 0:11:17]} Ke7 {[%clk 0:08:26]} 26. Rc1 {[%clk
0:08:23]} Rxa3 {[%clk 0:04:12]} 27. Nxc4 {[%clk 0:08:47]} bxc4 {[%clk 0:04:34]}
28. Rxc4 {[%clk 0:09:13]} Kd6 {[%clk 0:04:51]} 29. Be3 {[%clk 0:04:51]} e5
{[%clk 0:02:28]} 30. Kg2 {[%clk 0:04:12]} Rb3 {[%clk 0:02:41]} 31. Bc5+ {[%clk
0:04:02]} Kd5 {[%clk 0:02:40]} 32. Rc2 {[%clk 0:04:01]} Ne4 {[%clk 0:02:28]}
33. Bf8 {[%clk 0:04:01]} g6 {[%clk 0:02:37]} 34. h4 {[%clk 0:03:21]} h5 {[%clk
0:02:23]} 35. Ra2 {[%clk 0:03:01]} Ke6 {[%clk 0:02:02]} 36. Re2 {[%clk
0:02:05]} Kd5 {[%clk 0:01:40]} 37. f3 {[%clk 0:01:57]} Nc3 {[%clk 0:01:33]} 38.
Rd2+ {[%clk 0:02:02]} Ke6 {[%clk 0:01:46]} 39. Rd3 {[%clk 0:01:02]} Rb2+ {[%clk
0:01:58]} 40. Kf1 {[%clk 0:00:56]} Nd5 {[%clk 0:01:18]} 41. Bc5 {[%clk
0:25:35]} Nxb4 {[%clk 0:30:04]} 1/2-1/2

[Event "Deutsche Ländermeisterschaft 2014"]
[Site "Hannover GER"]
[Date "2014.10.06"]
[Round "6"]
[White "Nothnagel, Marian Can"]
[Black "Ewert, Hannes"]
[Result "1-0"]
[Termination "normal"]
[Board "3.5"]
[WhiteElo "1827"]
[BlackElo "1931"]
[WhiteClock "00:04:50"]
[BlackClock "00:05:12"]
[WhiteTeam "Hessen 1"]
[BlackTeam "Niedersachsen 1"]
[PlyCount "65"]
[WhiteFideId "12921530"]
[BlackFideId "12961574"]
[EventCountry "GER"]
[EventRounds "7"]
[EventType "team-swiss"]
[EventDate "2014.10.02"]

1. e4 {[%clk 1:30:57]} c5 {[%clk 1:30:51]} 2. Nf3 {[%clk 1:31:23]} d6 {[%clk
1:31:08]} 3. d4 {[%clk 1:31:49]} cxd4 {[%clk 1:31:28]} 4. Nxd4 {[%clk 1:32:14]}
Nf6 {[%clk 1:31:52]} 5. Nc3 {[%clk 1:32:40]} g6 {[%clk 1:32:14]} 6. Bc4 {[%clk
1:33:06]} Bg7 {[%clk 1:32:21]} 7. O-O {[%clk 1:32:44]} O-O {[%clk 1:32:10]} 8.
Bb3 {[%clk 1:33:06]} Nc6 {[%clk 1:31:33]} 9. Re1 {[%clk 1:32:42]} Nxd4 {[%clk
1:15:52]} 10. Qxd4 {[%clk 1:32:39]} Ng4 {[%clk 1:16:06]} 11. Qd2 {[%clk
1:27:48]} Be6 {[%clk 1:14:26]} 12. Nd5 {[%clk 1:21:40]} Bxd5 {[%clk 1:09:11]}
13. exd5 {[%clk 1:22:02]} Nf6 {[%clk 0:58:45]} 14. Qe2 {[%clk 1:20:14]} Qd7
{[%clk 0:56:53]} 15. Bg5 {[%clk 1:18:52]} Qf5 {[%clk 0:51:47]} 16. Bxf6 {[%clk
0:54:32]} Bxf6 {[%clk 0:51:46]} 17. c3 {[%clk 0:54:55]} a6 {[%clk 0:49:08]} 18.
a4 {[%clk 0:55:17]} Rac8 {[%clk 0:48:16]} 19. Rad1 {[%clk 0:52:41]} Rc5 {[%clk
0:43:50]} 20. Rd3 {[%clk 0:44:09]} Rb8 {[%clk 0:39:34]} 21. Rf3 {[%clk
0:42:06]} Qd7 {[%clk 0:38:57]} 22. Qd2 {[%clk 0:38:36]} b5 {[%clk 0:35:37]} 23.
a5 {[%clk 0:37:25]} Qc7 {[%clk 0:33:10]} 24. h4 {[%clk 0:29:25]} Qxa5 {[%clk
0:19:02]} 25. h5 {[%clk 0:22:31]} Qd8 {[%clk 0:16:50]} 26. hxg6 {[%clk
0:20:22]} fxg6 {[%clk 0:15:02]} 27. g4 {[%clk 0:13:15]} Qd7 {[%clk 0:12:26]}
28. Re6 {[%clk 0:09:39]} Bg7 {[%clk 0:10:10]} 29. Qe3 {[%clk 0:07:37]} Rc7
{[%clk 0:08:35]} 30. Bc2 {[%clk 0:06:45]} b4 {[%clk 0:06:04]} 31. Bxg6 hxg6
{[%clk 0:05:05]} 32. Rxg6 {[%clk 0:04:38]} Qe8 {[%clk 0:05:12]} 33. Qe6+ {[%clk
0:04:50]} 1-0

[Event "Deutsche Ländermeisterschaft 2014"]
[Site "Hannover GER"]
[Date "2014.10.06"]
[Round "6"]
[White "Stork, Oliver"]
[Black "ter Stal, Sven"]
[Result "0-1"]
[Termination "normal"]
[Board "3.7"]
[WhiteElo "1752"]
[BlackElo "1801"]
[WhiteClock "00:01:53"]
[BlackClock "00:02:50"]
[WhiteTeam "Hessen 1"]
[BlackTeam "Niedersachsen 1"]
[PlyCount "158"]
[WhiteFideId "12955728"]
[BlackFideId "12946443"]
[EventCountry "GER"]
[EventRounds "7"]
[EventType "team-swiss"]
[EventDate "2014.10.02"]

1. c4 {[%clk 1:30:58]} Nf6 {[%clk 1:30:56]} 2. g3 {[%clk 1:31:15]} g6 {[%clk
1:31:19]} 3. Bg2 {[%clk 1:31:39]} Bg7 {[%clk 1:31:44]} 4. Nc3 {[%clk 1:32:01]}
O-O {[%clk 1:32:06]} 5. d3 {[%clk 1:32:24]} d6 {[%clk 1:32:25]} 6. e4 {[%clk
1:32:17]} c5 {[%clk 1:30:42]} 7. Nge2 {[%clk 1:32:13]} Nc6 {[%clk 1:30:13]} 8.
O-O {[%clk 1:32:22]} a6 {[%clk 1:28:07]} 9. f4 {[%clk 1:27:33]} e6 {[%clk
1:25:54]} 10. b3 {[%clk 1:18:27]} Qc7 {[%clk 1:21:27]} 11. Bb2 {[%clk 1:14:57]}
Rb8 {[%clk 1:15:30]} 12. Qd2 {[%clk 1:06:09]} b5 {[%clk 1:10:21]} 13. Rab1
{[%clk 1:03:36]} Bd7 {[%clk 1:05:41]} 14. h3 {[%clk 0:57:50]} Ne8 {[%clk
0:55:41]} 15. g4 {[%clk 0:43:42]} b4 {[%clk 0:52:00]} 16. Nd1 {[%clk 0:42:32]}
Qd8 {[%clk 0:42:55]} 17. Ne3 {[%clk 0:27:18]} a5 {[%clk 0:34:46]} 18. Ng3
{[%clk 0:23:08]} Nd4 {[%clk 0:32:30]} 19. Ne2 {[%clk 0:19:03]} Nc7 {[%clk
0:30:18]} 20. Bxd4 {[%clk 0:18:21]} cxd4 {[%clk 0:29:50]} 21. Nc2 {[%clk
0:18:41]} e5 {[%clk 0:29:39]} 22. Ng3 {[%clk 0:13:13]} Ne6 {[%clk 0:26:41]} 23.
Ne2 {[%clk 0:09:51]} Nc5 {[%clk 0:25:53]} 24. Ng3 {[%clk 0:09:09]} Qh4 {[%clk
0:20:47]} 25. Ne2 {[%clk 0:05:19]} h5 {[%clk 0:18:01]} 26. f5 {[%clk 0:02:12]}
hxg4 {[%clk 0:16:31]} 27. hxg4 {[%clk 0:02:35]} Bh6 {[%clk 0:15:39]} 28. Qd1
{[%clk 0:02:47]} Qxg4 {[%clk 0:15:15]} 29. Rf3 {[%clk 0:02:49]} Qg5 {[%clk
0:11:04]} 30. Rg3 {[%clk 0:02:20]} Qf6 {[%clk 0:10:56]} 31. Kf2 {[%clk
0:00:59]} g5 {[%clk 0:08:12]} 32. Qd2 {[%clk 0:01:07]} Qe7 {[%clk 0:03:31]} 33.
Rh1 {[%clk 0:01:11]} Kg7 {[%clk 0:03:03]} 34. Rgh3 {[%clk 0:01:14]} Rh8 {[%clk
0:01:30]} 35. Ng3 {[%clk 0:01:19]} f6 {[%clk 0:01:23]} 36. Nh5+ {[%clk
0:00:36]} Kf7 {[%clk 0:01:27]} 37. Ng3 {[%clk 0:00:58]} Bg7 {[%clk 0:01:47]}
38. Rh7 {[%clk 0:01:19]} Rxh7 {[%clk 0:01:49]} 39. Rxh7 {[%clk 0:01:45]} Rh8
{[%clk 0:02:10]} 40. Rxh8 {[%clk 0:01:23]} Bxh8 {[%clk 0:02:39]} 41. Qe2 {[%clk
0:29:59]} Bg7 {[%clk 0:31:34]} 42. Ne1 {[%clk 0:27:28]} Qf8 {[%clk 0:30:24]}
43. Bf3 {[%clk 0:20:18]} Ke7 {[%clk 0:28:17]} 44. Qb2 {[%clk 0:18:43]} Qh8
{[%clk 0:25:00]} 45. Bh5 {[%clk 0:15:37]} Be8 {[%clk 0:24:20]} 46. Qe2 {[%clk
0:15:45]} Bc6 {[%clk 0:24:16]} 47. Kg2 {[%clk 0:14:11]} a4 {[%clk 0:20:58]} 48.
Qc2 {[%clk 0:12:49]} axb3 {[%clk 0:20:46]} 49. axb3 {[%clk 0:13:14]} Qa8 {[%clk
0:21:11]} 50. Bd1 {[%clk 0:13:02]} Kd7 {[%clk 0:17:54]} 51. Kf2 {[%clk
0:11:34]} Qa1 {[%clk 0:16:28]} 52. Kg2 {[%clk 0:10:06]} Bh6 {[%clk 0:11:58]}
53. Kf2 {[%clk 0:09:05]} Qc3 {[%clk 0:08:34]} 54. Ne2 {[%clk 0:08:24]} Qa1
{[%clk 0:08:54]} 55. Ng3 {[%clk 0:08:49]} Kc7 {[%clk 0:07:27]} 56. Nh5 {[%clk
0:07:07]} g4 {[%clk 0:05:19]} 57. Bxg4 {[%clk 0:03:58]} Bg5 {[%clk 0:03:36]}
58. Bd1 {[%clk 0:02:30]} Bh4+ {[%clk 0:03:12]} 59. Kf1 {[%clk 0:01:48]} Qc3
{[%clk 0:01:43]} 60. Qxc3 {[%clk 0:01:15]} bxc3 {[%clk 0:02:12]} 61. b4 {[%clk
0:00:57]} Bxe1 {[%clk 0:01:45]} 62. bxc5 {[%clk 0:01:17]} Bh4 {[%clk 0:01:52]}
63. cxd6+ {[%clk 0:01:14]} Kxd6 {[%clk 0:02:22]} 64. Kg2 {[%clk 0:01:01]} Kc5
{[%clk 0:02:29]} 65. Kf3 {[%clk 0:00:53]} Kb4 {[%clk 0:01:14]} 66. Ke2 {[%clk
0:00:56]} Ka3 67. Bc2 {[%clk 0:01:13]} Kb2 {[%clk 0:01:12]} 68. Kd1 {[%clk
0:01:37]} Be8 {[%clk 0:00:48]} 69. Ng7 {[%clk 0:02:00]} Bc6 {[%clk 0:01:12]}
70. Nh5 {[%clk 0:02:21]} Be8 {[%clk 0:00:42]} 71. Ng7 {[%clk 0:02:43]} Bf7
{[%clk 0:01:04]} 72. Ba4 {[%clk 0:02:34]} Bg5 {[%clk 0:00:51]} 73. Bc2 {[%clk
0:02:31]} Bh6 {[%clk 0:01:04]} 74. c5 {[%clk 0:02:21]} Bxg7 {[%clk 0:01:18]}
75. c6 {[%clk 0:02:26]} Be8 {[%clk 0:01:17]} 76. c7 {[%clk 0:01:57]} Bd7 {[%clk
0:01:42]} 77. c8=Q {[%clk 0:01:15]} Bxc8 {[%clk 0:02:07]} 78. Ba4 {[%clk
0:01:34]} Ba6 {[%clk 0:02:27]} 79. Bc2 {[%clk 0:01:53]} Bb5 {[%clk 0:02:50]}
0-1

[Event "Deutsche Ländermeisterschaft 2014"]
[Site "Hannover GER"]
[Date "2014.10.06"]
[Round "6"]
[White "Mönster, Madita"]
[Black "Flach, Helene"]
[Result "0-1"]
[Termination "normal"]
[Board "3.8"]
[WhiteElo "1599"]
[BlackElo "1649"]
[WhiteClock "00:25:50"]
[BlackClock "00:25:19"]
[WhiteTeam "Niedersachsen 1"]
[BlackTeam "Hessen 1"]
[PlyCount "96"]
[WhiteFideId "12947156"]
[BlackFideId "12929735"]
[EventCountry "GER"]
[EventRounds "7"]
[EventType "team-swiss"]
[EventDate "2014.10.02"]

1. e4 {[%clk 1:30:57]} c5 {[%clk 1:30:56]} 2. Nf3 {[%clk 1:31:18]} e6 {[%clk
1:31:21]} 3. d4 {[%clk 1:31:38]} cxd4 {[%clk 1:31:46]} 4. Nxd4 {[%clk 1:32:00]}
a6 {[%clk 1:32:11]} 5. f4 {[%clk 1:32:13]} Qc7 {[%clk 1:32:16]} 6. Be3 {[%clk
1:32:08]} Nf6 {[%clk 1:32:14]} 7. Bd3 {[%clk 1:32:11]} d6 {[%clk 1:32:12]} 8.
Qf3 {[%clk 1:32:02]} Be7 {[%clk 1:31:31]} 9. Nd2 {[%clk 1:31:39]} Nbd7 {[%clk
1:30:49]} 10. O-O-O {[%clk 1:30:23]} b5 {[%clk 1:26:35]} 11. g4 {[%clk
1:28:34]} Nc5 {[%clk 1:21:12]} 12. Kb1 {[%clk 1:25:09]} Bb7 {[%clk 1:17:26]}
13. g5 {[%clk 1:22:52]} Nfd7 {[%clk 1:16:15]} 14. Qg3 {[%clk 1:21:27]} Rc8
{[%clk 1:07:14]} 15. Rc1 {[%clk 1:15:38]} Qb8 {[%clk 0:53:47]} 16. Rhf1 {[%clk
1:00:51]} Qa8 {[%clk 0:40:54]} 17. e5 {[%clk 0:47:45]} Qb8 {[%clk 0:32:58]} 18.
exd6 {[%clk 0:44:04]} Bxd6 {[%clk 0:32:49]} 19. Qf2 {[%clk 0:43:17]} Nxd3
{[%clk 0:28:33]} 20. cxd3 {[%clk 0:43:22]} Rxc1+ {[%clk 0:28:32]} 21. Rxc1
{[%clk 0:43:21]} Bd5 {[%clk 0:25:13]} 22. Ne4 {[%clk 0:39:48]} Bc7 {[%clk
0:21:00]} 23. Qc2 {[%clk 0:33:41]} Bb6 {[%clk 0:18:08]} 24. h4 {[%clk 0:21:05]}
O-O {[%clk 0:16:34]} 25. h5 {[%clk 0:19:34]} e5 {[%clk 0:15:43]} 26. fxe5
{[%clk 0:18:04]} Nxe5 {[%clk 0:12:33]} 27. Nf5 {[%clk 0:17:30]} Bxe4 {[%clk
0:08:42]} 28. dxe4 {[%clk 0:17:00]} Bxe3 {[%clk 0:07:53]} 29. Nxe3 {[%clk
0:17:16]} Nf3 {[%clk 0:06:30]} 30. h6 {[%clk 0:08:31]} Nxg5 {[%clk 0:04:50]}
31. Qg2 {[%clk 0:07:53]} gxh6 {[%clk 0:04:29]} 32. Rc5 {[%clk 0:06:51]} Qf4
{[%clk 0:03:54]} 33. Nc2 {[%clk 0:04:59]} Rd8 {[%clk 0:02:48]} 34. a3 {[%clk
0:03:37]} Rd2 {[%clk 0:02:13]} 35. Qg1 {[%clk 0:01:00]} Rf2 {[%clk 0:02:17]}
36. Ka2 {[%clk 0:00:56]} Rf3 {[%clk 0:01:48]} 37. Qd4 {[%clk 0:00:44]} Qf6
{[%clk 0:01:29]} 38. e5 {[%clk 0:00:40]} Qe6+ {[%clk 0:01:45]} 39. Kb1 {[%clk
0:00:31]} Rf1+ {[%clk 0:02:08]} 40. Ne1 {[%clk 0:00:41]} Rxe1+ {[%clk 0:02:28]}
41. Kc2 {[%clk 0:30:29]} Qf5+ {[%clk 0:32:25]} 42. Kb3 {[%clk 0:30:16]} Ne6
{[%clk 0:28:56]} 43. Rc8+ {[%clk 0:29:49]} Kg7 {[%clk 0:29:09]} 44. Qc3 {[%clk
0:29:20]} Qxe5 {[%clk 0:26:02]} 45. Qb4 {[%clk 0:27:49]} Nd4+ {[%clk 0:25:33]}
46. Ka2 {[%clk 0:27:31]} Qd5+ {[%clk 0:25:08]} 47. b3 {[%clk 0:26:31]} Qg2+
{[%clk 0:25:19]} 48. Rc2 {[%clk 0:25:50]} Qxc2# 0-1

[Event "Deutsche Ländermeisterschaft 2014"]
[Site "Hannover GER"]
[Date "2014.10.06"]
[Round "6"]
[White "Moritz, Aron"]
[Black "Zimmermann, Ulrich"]
[Result "1-0"]
[Termination "normal"]
[Board "4.1"]
[WhiteElo "2177"]
[BlackElo "2353"]
[WhiteClock "00:14:03"]
[BlackClock "01:28:05"]
[WhiteTeam "Berlin"]
[BlackTeam "Württemberg"]
[PlyCount "103"]
[WhiteFideId "24672319"]
[BlackFideId "24654523"]
[EventCountry "GER"]
[EventRounds "7"]
[EventType "team-swiss"]
[EventDate "2014.10.02"]

1. e4 {[%clk 1:30:57]} e5 {[%clk 1:30:57]} 2. Nf3 {[%clk 1:31:14]} d6 {[%clk
1:30:05]} 3. d4 {[%clk 1:31:31]} Nd7 {[%clk 1:30:24]} 4. Bc4 {[%clk 1:30:51]}
Be7 {[%clk 1:30:25]} 5. dxe5 {[%clk 1:24:09]} Nxe5 {[%clk 1:23:21]} 6. Nxe5
{[%clk 1:23:47]} dxe5 {[%clk 1:23:36]} 7. Qh5 {[%clk 1:23:19]} g6 {[%clk
1:22:15]} 8. Qxe5 {[%clk 1:23:13]} Nf6 {[%clk 1:22:37]} 9. Bh6 {[%clk 1:20:25]}
Rg8 {[%clk 1:22:29]} 10. Bg5 {[%clk 1:08:18]} Ng4 {[%clk 1:20:35]} 11. Qf4
{[%clk 1:04:29]} Rf8 {[%clk 1:20:27]} 12. Bxe7 {[%clk 1:04:35]} Qxe7 {[%clk
1:20:52]} 13. Nc3 {[%clk 1:01:28]} c6 {[%clk 1:21:16]} 14. O-O-O {[%clk
0:59:39]} Bd7 {[%clk 1:17:20]} 15. Rxd7 {[%clk 0:58:45]} Qxd7 {[%clk 1:17:43]}
16. Rd1 {[%clk 0:59:11]} Qe7 {[%clk 1:12:33]} 17. Qxg4 {[%clk 0:45:06]} f5
{[%clk 1:12:45]} 18. exf5 {[%clk 0:44:41]} Rxf5 {[%clk 1:13:10]} 19. Ne4 {[%clk
0:43:58]} Rd8 {[%clk 1:12:28]} 20. Rxd8+ {[%clk 0:42:09]} Kxd8 {[%clk 1:12:52]}
21. Qd1+ {[%clk 0:39:05]} Kc7 {[%clk 1:12:08]} 22. Qd4 {[%clk 0:37:41]} Rf8
{[%clk 1:11:21]} 23. f3 {[%clk 0:36:17]} Rd8 {[%clk 1:11:21]} 24. Qe3 {[%clk
0:34:34]} Kb8 {[%clk 1:10:00]} 25. a3 {[%clk 0:28:49]} a6 {[%clk 1:09:25]} 26.
Qg5 {[%clk 0:21:53]} Qd7 {[%clk 1:08:35]} 27. Qe5+ {[%clk 0:22:00]} Ka8 {[%clk
1:08:54]} 28. Bd3 {[%clk 0:21:12]} Qf7 {[%clk 1:09:07]} 29. b3 {[%clk 0:20:44]}
Qf8 {[%clk 1:08:18]} 30. Kb2 {[%clk 0:20:29]} Rd5 {[%clk 1:08:33]} 31. Qf6
{[%clk 0:19:46]} Qb8 {[%clk 1:08:47]} 32. g3 {[%clk 0:17:00]} Rf5 {[%clk
1:09:02]} 33. Qg7 {[%clk 0:16:35]} Rxf3 {[%clk 1:09:04]} 34. Qxh7 {[%clk
0:16:19]} Qe5+ {[%clk 1:09:24]} 35. Nc3 {[%clk 0:15:40]} g5 {[%clk 1:08:08]}
36. Qe4 {[%clk 0:15:20]} Qf6 {[%clk 1:08:33]} 37. Qg6 {[%clk 0:11:52]} Qe5
{[%clk 1:08:12]} 38. Qe4 {[%clk 0:12:18]} Qf6 {[%clk 1:08:32]} 39. Qe8+ {[%clk
0:03:43]} Ka7 {[%clk 1:08:48]} 40. Qg6 {[%clk 0:03:44]} Qe5 {[%clk 1:08:53]}
41. Qe4 {[%clk 0:03:26]} Qf6 {[%clk 1:09:05]} 42. Qg4 {[%clk 0:00:57]} c5
{[%clk 1:04:23]} 43. Qc4 {[%clk 0:18:52]} b6 {[%clk 1:28:40]} 44. Qxa6+ {[%clk
0:17:48]} Kb8 {[%clk 1:29:05]} 45. Qc4 {[%clk 0:17:24]} Re3 {[%clk 1:28:30]}
46. Qg8+ {[%clk 0:16:08]} Ka7 {[%clk 1:28:28]} 47. Qh7+ {[%clk 0:16:20]} Re7
{[%clk 1:28:48]} 48. Qf5 {[%clk 0:16:22]} Qg7 {[%clk 1:29:12]} 49. h4 {[%clk
0:15:27]} gxh4 {[%clk 1:29:36]} 50. gxh4 {[%clk 0:15:52]} Re1 {[%clk 1:28:09]}
51. h5 {[%clk 0:14:42]} Rh1 {[%clk 1:28:05]} 52. Qg6 {[%clk 0:14:03]} 1-0